LIBRARY & INFORMATION CENTRE, KCAET, TAVANUR

ONLINE PUBLIC ACCESS CATALOGUE (OPAC)

Handbook of animal husbandry & dairing / (Record no. 2189)

MARC details
000 -LEADER
fixed length control field 00501cam a2200205ua 4500
041 ## - LANGUAGE CODE
Language code of text/sound track or separate title eng
082 ## - DEWEY DECIMAL CLASSIFICATION NUMBER
Classification number 636
Item number SVIS/ HA
100 ## - MAIN ENTRY--AUTHOR NAME
Personal name Subbiah mudaliar, V T .
245 ## - TITLE STATEMENT
Title Handbook of animal husbandry & dairing /
250 ## - EDITION STATEMENT
Edition statement 2 /
260 ## - PUBLICATION, DISTRIBUTION, ETC. (IMPRINT)
Place of publication Madras :
Name of publisher S Viswanathan ,
Year of publication 1960.
300 ## - PHYSICAL DESCRIPTION
Number of Pages 213 ; .
500 ## - GENERAL NOTE
General note
942 ## - ADDED ENTRY ELEMENTS (KOHA)
Koha item type Books
Holdings
Withdrawn status Lost status Damaged status Home library Current library Date acquired Cost, normal purchase price Full call number Accession Number Koha item type
Withdrawn     KAUAET KAUAET 07/04/2012 8.00 636 7433 Books
Withdrawn     KAUAET KAUAET 07/04/2012 8.00 636 7438 Books
free website counter